Darkness falls #3 / Erin Hunter.
Available copies
- 2 of 2 copies available at LARL/NWRL Consortium.
Current holds
0 current holds with 2 total copies.
Show Only Available Copies
| Location | Call Number / Copy Notes | Barcode | Shelving Location | Status | Due Date |
|---|---|---|---|---|---|
| Godel Memorial-Warren Library | j HUN (Text) | 35500005307424 | Main | Available | - |
| Hallock Public Library | j HUN (Text) | 35500005263841 | Main | Available | - |
Record details
- ISBN: 9780062102645 (hardcover bdg.)
- ISBN: 0062102648 (hardcover bdg.)
- ISBN: 9780062102652 (library bdg.)
- ISBN: 0062102656 (library bdg.)
- Physical Description: 292, 4 pages ; 22 cm.
- Edition: First edition.
- Publisher: New York, NY : Harper, an imprint of HarperCollins Publishers, 2013
Content descriptions
| General Note: | Includes an excerpt from: The broken path. |
| Summary, etc.: | "The Wild Dogs' fierce Alpha reluctantly agrees to ... Read More |
Search for related items by subject
| Genre: | Fantasy. |
Search for related items by series
| LDR | 02553cam a2200565 i 4500 | ||
|---|---|---|---|
| 001 | 155984 | ||
| 003 | LARL_NWRL_CONSORTIUM | ||
| 005 | 20131002093848.0 | ||
| 008 | 130628s2013 nyu c 000 1 eng | ||
| 020 | . | ‡a9780062102645 (hardcover bdg.) | |
| 020 | . | ‡a0062102648 (hardcover bdg.) | |
| 020 | . | ‡a9780062102652 (library bdg.) | |
| 020 | . | ‡a0062102656 (library bdg.) | |
| 035 | . | ‡a(OCoLC)827259527 | |
| 082 | 0 | 0. | ‡a[Fic] ‡223 |
| 100 | 1 | . | ‡aHunter, Erin. ‡0(LARL_NWRL_CONSORTIUM)157083 |
| 245 | 1 | 0. | ‡aDarkness falls ‡n#3 / ‡cErin Hunter. |
| 250 | . | ‡aFirst edition. | |
| 260 | . | ‡aNew York, NY : ‡bHarper, an imprint of HarperCollins Publishers, ‡c2013 | |
| 300 | . | ‡a292, 4 pages ; ‡c22 cm. | |
| 336 | . | ‡atext ‡2rdacontent | |
| 337 | . | ‡aunmediated ‡2rdamedia | |
| 338 | . | ‡avolume ‡2rdacarrier | |
| 490 | 0 | . | ‡aSurvivors ; ‡vbook 3 |
| 520 | . | ‡a"The Wild Dogs' fierce Alpha reluctantly agrees to let the Leashed Dogs join their pack--but after learning of Lucky's role as a spy, Alpha casts him out of their camp and orders him to never return"-- ‡cProvided by publisher. | |
| 500 | . | ‡aIncludes an excerpt from: The broken path. | |
| 650 | 0. | ‡aDogs ‡vJuvenile fiction. ‡0(LARL_NWRL_CONSORTIUM)164650 | |
| 650 | 0. | ‡aWild dogs ‡vJuvenile fiction. | |
| 650 | 0. | ‡aSurvival ‡vJuvenile fiction. | |
| 650 | 0. | ‡aAdventure stories. ‡0(LARL_NWRL_CONSORTIUM)12829 | |
| 650 | 1. | ‡aDogs ‡vFiction. ‡0(LARL_NWRL_CONSORTIUM)164539 | |
| 650 | 1. | ‡aWild dogs ‡vFiction. | |
| 650 | 1. | ‡aSurvival ‡vFiction. | |
| 650 | 1. | ‡aAdventure and adventurers ‡vFiction. ‡0(LARL_NWRL_CONSORTIUM)175858 | |
| 650 | 1. | ‡aFantasy. ‡0(LARL_NWRL_CONSORTIUM)19981 | |
| 655 | 0. | ‡aFantasy. | |
| 901 | . | ‡a155984 ‡bOCLC ‡c155984 ‡tbiblio | |

Add to basket
Permalink
Disable Highlighting